000 00425nam a2200193Ia 4500
005 20250603145329.0
008 250603s9999 xx 000 0 und d
020 _a033377924X
050 _aHB 171 .H37/
100 _aHarvey, Jack
245 0 _aMastering economics
250 _a5th ed.
260 _aLondon
260 _bPalgrave Macmillan
260 _c2000
300 _a404 p
650 _aLondon
942 _cBK
999 _c41543
_d41543